Länder-Logical #4 - Statistiken

Allgemein
  • Dieses Quiz wurde 119 mal gespielt
  • Das Durchschnittsergebnis liegt bei 3 aus 12
Antwortstatistiken
Antwort % Korrekt
Kolumbien
77%
Brasilien
70%
Venezuela
47%
Chile
19%
Bolivien
14%
Guyana
14%
Suriname
9%
Argentinien
7%
Peru
7%
Ecuador
5%
Paraguay
5%
Uruguay
5%
Keine übereinstimmenden Quizze gefunden
Verteilung der Resultate
Anzahl Personen mit jedem Resultat
Perzentil nach korrekt beantworteten Fragen
Ihre Resultats-Entwicklung
Sie haben dieses Quiz noch nicht gespielt